|
|
|
|
| LEADER |
00956naa a2200229 i 4500 |
| 001 |
acta90083 |
| 005 |
20260330100728.0 |
| 008 |
260330s2025 hu o 100 spa d |
| 020 |
|
|
|a 978-963-688-050-7
|
| 040 |
|
|
|a SZTE Egyetemi Kiadványok Repozitórium
|b hun
|
| 041 |
|
|
|a spa
|
| 100 |
2 |
|
|a Mendoza Vera Sandra
|
| 245 |
1 |
0 |
|a Viajes de ida y vuelta para (no) retornar al hogar en "El regreso", de Francisco Ayala
|h [elektronikus dokumentum] :
|b [abstract] /
|c Mendoza Vera Sandra
|
| 260 |
|
|
|a Hispanisztika Tanszék
|b Szeged
|c 2025
|
| 300 |
|
|
|a 28-29
|
| 490 |
0 |
|
|a International Colloquium Pre-ICA
|
| 650 |
|
4 |
|a Bölcsészettudományok
|
| 650 |
|
4 |
|a Nyelvek és irodalom
|
| 695 |
|
|
|a Spanyol irodalom története - 20. sz. - előadáskivonat
|
| 700 |
0 |
2 |
|a Ayala García-Duarte Francisco
|
| 711 |
|
|
|a International Colloquium Pre-ICA 2025
|c Szeged
|d 2025. június 27-28.
|
| 856 |
4 |
0 |
|u http://acta.bibl.u-szeged.hu/90083/1/pre_ica_2025_028-029.pdf
|z Dokumentum-elérés
|